Development, environment and global dysfunction: toward sustainable recovery (Record no. 56888)

MARC details
000 -LEADER
fixed length control field 00873nam a2200289Ia 4500
003 - CONTROL NUMBER IDENTIFIER
control field OSt
005 - DATE AND TIME OF LATEST TRANSACTION
control field 20220912150903.0
008 - FIXED-LENGTH DATA ELEMENTS--GENERAL INFORMATION
fixed length control field 220909b |||||||| |||| 00| 0 eng d
020 ## - INTERNATIONAL STANDARD BOOK NUMBER
International Standard Book Number 1574440128 (hbd)
037 ## - SOURCE OF ACQUISITION
Terms of availability Textual
040 ## - CATALOGING SOURCE
Original cataloging agency CSL
Language of cataloging eng
Transcribing agency CSL
041 ## - LANGUAGE CODE
Language code of text/sound track or separate title eng
100 ## - MAIN ENTRY--PERSONAL NAME
Personal name Gotlieb Yosef
245 #0 - TITLE STATEMENT
Title Development, environment and global dysfunction: toward sustainable recovery
260 ## - PUBLICATION, DISTRIBUTION, ETC.
Place of publication, distribution, etc. Delray Beach,Florida St. Lucie Press
Date of publication, distribution, etc. 1996
300 ## - PHYSICAL DESCRIPTION
Extent xi,188p.
Dimensions cm.
500 ## - GENERAL NOTE
General note Bibliography 147-182p.
-- cm.; Index 183-188p.
-- cm.
650 ## - SUBJECT ADDED ENTRY--TOPICAL TERM
Topical term or geographic name entry element Human environment influenced by Development
650 ## - SUBJECT ADDED ENTRY--TOPICAL TERM
Topical term or geographic name entry element Anthropology
942 ## - ADDED ENTRY ELEMENTS (KOHA)
Classification part Y7:(G:55)0gX, N6
Koha item type Textual
Source of classification or shelving scheme Colon Classification (CC)
Holdings
Withdrawn status Lost status Damaged status Not for loan Home library Current library Date acquired Source of acquisition Total Checkouts Full call number Barcode Date last seen Price effective from Koha item type
        Central Science Library Central Science Library 2022-09-12 96-97/271,   Y7:(G:55)0gX N6 SL1173082 2022-09-12 2022-09-12 Textual
Copyright @ Delhi University Library System